00263nam a2200085Ia 4500008004100000100002100041245007600062260003100138300000800169201217s9999 xx 000 0 und d aKeshkamat, V. V. 0aForeign Exchange and Exchange Control : A Handbook For Banking Students aBombaybVivek Publications a420